000 003030000a22001090004500
090 _aAS
_bSeriadas
245 1 0 _aCangrejos del subgénero Uca en el Pacífico colombiano
041 0 _aEspañol
100 1 _aPrahl, Henry von
_93651
942 _cARTICULO
773 1 _tCespedesia
_3124
_h39-40
_q197-204
_d1981
_g10
999 _c15077
_d15077